000 00973nam a22002777a 4500
999 _c43932
_d43932
001 17269
003 CO-MdFUSB
005 20190202100318.0
008 171122t1965 enk||||| |||| 00| 0 eng d
020 _aDonación.
040 _aCO-MdFUSB
_bspa
_cCO-MdFUSB
_dCO-MdFUSBC
_erda
041 0 _aeng
082 0 4 _aG 226.4 T592g
100 1 _aTinsley, E.J.
_eautor
245 4 _aThe gospel according to luke
_c / E.J. Tinsley
264 4 _aLondon:
_bCambridge University Press,
_c©1965
300 _a217 p.
336 _2rdacontent
_atexto
_btxt
337 _2rdamedia
_asin mediación
_bn
338 _2rdacarrier
_avolumen
_bnc
505 0 0 _aLeer un evangelio -- ¿quién fue el autor? -- ¿qué clase de libro? -- ¿por qué lo ha escrito? -- ¿para quién fue escrito el evangelio? -- ¿cuándo y dónde fue escrito? -- las fuentes de información para Lucas
650 0 _aBiblia
_916
653 _aBiblia - Comentarios
653 _aBiblia N.T. - Lucsa
942 _cBK